<?xml version="1.0" encoding="UTF-8"?>
<record
    xmlns:xsi="http://www.w3.org/2001/XMLSchema-instance"
    xsi:schemaLocation="http://www.loc.gov/MARC21/slim http://www.loc.gov/standards/marcxml/schema/MARC21slim.xsd"
    xmlns="http://www.loc.gov/MARC21/slim">

  <leader>01038nam a2200193 a 4500</leader>
  <controlfield tag="008">171103e2015    ag ||||g |||| 00| 1 spa d</controlfield>
  <datafield tag="020" ind1=" " ind2=" ">
    <subfield code="a">9789500750509</subfield>
  </datafield>
  <datafield tag="041" ind1=" " ind2=" ">
    <subfield code="a">spa</subfield>
  </datafield>
  <datafield tag="092" ind1=" " ind2=" ">
    <subfield code="c">808</subfield>
    <subfield code="l">14</subfield>
    <subfield code="s">CUR</subfield>
  </datafield>
  <datafield tag="100" ind1="1" ind2=" ">
    <subfield code="a">Curbelo, Cecilia. </subfield>
    <subfield code="9">4335</subfield>
  </datafield>
  <datafield tag="245" ind1=" " ind2="3">
    <subfield code="a">La confesi&#xF3;n de Micaela /</subfield>
    <subfield code="c">Cecilia Curbelo</subfield>
  </datafield>
  <datafield tag="250" ind1=" " ind2=" ">
    <subfield code="a">1a ed.</subfield>
    <subfield code="b">Ilustrado por Agustina Boni</subfield>
  </datafield>
  <datafield tag="260" ind1=" " ind2=" ">
    <subfield code="a">Buenos Aires:</subfield>
    <subfield code="b">Sudamericana;</subfield>
    <subfield code="c">2015.</subfield>
  </datafield>
  <datafield tag="300" ind1=" " ind2=" ">
    <subfield code="a">304 p.</subfield>
    <subfield code="c">15x22 cm.</subfield>
  </datafield>
  <datafield tag="500" ind1=" " ind2=" ">
    <subfield code="a">Curbelo, C. (2015). La confesi&#xF3;n de Micaela. (1a ed.). Buenos Aires : Sudamericana.</subfield>
  </datafield>
  <datafield tag="505" ind1=" " ind2=" ">
    <subfield code="a">Micaela abre su Twitter y se encuentra con una palabra que la destruye: TRAIDORA. Lo peor es que esa acusaci&#xF3;n proviene de su mejor amiga. Constanza. A partir de ese momento, Mica intenta recomponer la historia que la llev&#xF3; a actuar como actu&#xF3;. En ese camino de recuerdos y pensamientos, de luchas y confesiones, saldr&#xE1;n a la luz secretos muy dolorosos. &#xBF;Qu&#xE9; har&#xE1; al final? &#xA1;Su destino depende de lo que t&#xFA; decidas que ella haga!</subfield>
  </datafield>
  <datafield tag="655" ind1=" " ind2=" ">
    <subfield code="a">Literatura</subfield>
    <subfield code="9">2917</subfield>
  </datafield>
  <datafield tag="942" ind1=" " ind2=" ">
    <subfield code="2">ddc</subfield>
    <subfield code="c">LIT</subfield>
  </datafield>
  <datafield tag="999" ind1=" " ind2=" ">
    <subfield code="c">3288</subfield>
    <subfield code="d">3288</subfield>
  </datafield>
  <datafield tag="952" ind1=" " ind2=" ">
    <subfield code="0">0</subfield>
    <subfield code="1">0</subfield>
    <subfield code="2">ddc</subfield>
    <subfield code="4">0</subfield>
    <subfield code="7">0</subfield>
    <subfield code="a">BFM</subfield>
    <subfield code="b">BFM</subfield>
    <subfield code="c">CR</subfield>
    <subfield code="d">2025-07-25</subfield>
    <subfield code="e">Donaci&#xF3;n Navarro, Adriana. Julio 2025</subfield>
    <subfield code="l">0</subfield>
    <subfield code="o">808 14 CUR</subfield>
    <subfield code="p">5063</subfield>
    <subfield code="r">2025-07-25</subfield>
    <subfield code="t">Ej. 1</subfield>
    <subfield code="w">2025-07-25</subfield>
    <subfield code="y">LIT</subfield>
    <subfield code="z">Donaci&#xF3;n Navarro, Adriana. Julio 2025. Sede Tordos.</subfield>
    <subfield code="f"></subfield>
  </datafield>
</record>
